Normal view
MARC view
- Reddick, DeWitt C.
Entry Personal Name
001 - CONTROL NUMBER
- control field: 7452
003 - CONTROL NUMBER IDENTIFIER
- control field: OSt
005 - DATE AND TIME OF LATEST TRANSACTION
- control field: 20170524083126.0
008 - FIXED-LENGTH DATA ELEMENTS
- fixed length control field: 170524|| aca||aabn | a|a d
040 ## - CATALOGING SOURCE
- Original cataloging agency: OSt
- Transcribing agency: OSt
100 ## - HEADING--PERSONAL NAME
- Personal name: Reddick, DeWitt C.
670 ## - SOURCE DATA FOUND
- Source citation: Work cat.: (OSt): Reddick, DeWitt C., The Mass Media and the School Newspaper , 1976

PORTAL AKMAL
E-MEL JKDM
AKMAL2U
G-BAM
u-PUSTAKA